Mr. Cavendish, I presume / (Record no. 234358)

000 -LEADER
fixed length control field 01108cam a22003013a 4500
001 - CONTROL NUMBER
control field 15252732
003 - CONTROL NUMBER IDENTIFIER
control field Nust
005 - DATE AND TIME OF LATEST TRANSACTION
control field 20170319180529.0
008 - FIXED-LENGTH DATA ELEMENTS--GENERAL INFORMATION
fixed length control field 080408s2008 nyu 000 1 eng
010 ## - LIBRARY OF CONGRESS CONTROL NUMBER
LC control number 2008015983
020 ## - INTERNATIONAL STANDARD BOOK NUMBER
International Standard Book Number 9780749908874
040 ## - CATALOGING SOURCE
Original cataloging agency DLC
Transcribing agency DLC
050 00 - LIBRARY OF CONGRESS CALL NUMBER
Classification number PS3617.U57
Item number M7 2008
051 ## - LIBRARY OF CONGRESS COPY, ISSUE, OFFPRINT STATEMENT
Classification number CPB Box no. 2847 vol. 1
082 00 - DEWEY DECIMAL CLASSIFICATION NUMBER
Classification number 813.6
Author Mark QUI
100 1# - MAIN ENTRY--PERSONAL NAME
Personal name Quinn, Julia,
Dates associated with a name 1970-
245 10 - TITLE STATEMENT
Title Mr. Cavendish, I presume /
Statement of responsibility, etc. Julia Quinn.
250 ## - EDITION STATEMENT
Edition statement 1st ed.
260 ## - PUBLICATION, DISTRIBUTION, ETC.
Place of publication, distribution, etc. New York :
Name of publisher, distributor, etc. Avon,
Date of publication, distribution, etc. 2008.
300 ## - PHYSICAL DESCRIPTION
Extent 370 p.
490 0# - SERIES STATEMENT
Series statement Avon historical romance
655 #7 - INDEX TERM--GENRE/FORM
Genre/form data or focus term Regency fiction.
Source of term gsafd
655 #7 - INDEX TERM--GENRE/FORM
Genre/form data or focus term Love stories.
Source of term gsafd
655 #7 - INDEX TERM--GENRE/FORM
Genre/form data or focus term Historical fiction.
Source of term gsafd
710 2# - ADDED ENTRY--CORPORATE NAME
Corporate name or jurisdiction name as entry element Copyright Paperback Collection (Library of Congress)
Institution to which field applies DLC
906 ## - LOCAL DATA ELEMENT F, LDF (RLIN)
a 7
b cbc
c orignew
d 1
e ecip
f 20
g y-genrareb
942 ## - ADDED ENTRY ELEMENTS (KOHA)
Source of classification or shelving scheme
Koha item type Book
Holdings
Withdrawn status Lost status Source of classification or shelving scheme Damaged status Not for loan Collection code Permanent Location Current Location Shelving location Date acquired Total Checkouts Total Renewals Full call number Barcode Date last seen Date last checked out Copy number Price effective from Koha item type
            Central Library (CL) Central Library (CL) Fiction 03/19/2017 6 3 813.6 QUI CL1592 02/16/2025 08/30/2022 1 03/19/2017 Book
© 2023 Central Library, National University of Sciences and Technology. All Rights Reserved.